| 000 | 00781nam a2200217 i 4500 | ||
|---|---|---|---|
| 001 | 35265 | ||
| 003 | ES-MaACL | ||
| 005 | 20231227163323.0 | ||
| 007 | t| | ||
| 008 | 030212s1945 sp ||||1| spa d | ||
| 100 | 1 |
_aBorrell Vidal, José. _930591 |
|
| 245 | 1 | 0 |
_aSesenta años de música (1876-1936) : _bimpresiones y comentarios de un viejo aficionado / _cJosé Borrell Vidal ; prólogo de Conrado del Campo ; marco de la época por José María Soroa. |
| 260 |
_aMadrid : _bDossat, _c[1945] |
||
| 300 |
_a267 p., 4 lám. ; _c20 cm. |
||
| 650 | 4 |
_aMúsica- _zMadrid. _9144283 |
|
| 650 | 4 |
_aConciertos- _zMadrid. _9148911 |
|
| 700 | 1 |
_aCampo, Conrado del, _d1878-1953 _934193 |
|
| 700 | 1 |
_aSoroa, José María. _9148910 |
|
| 852 | 4 |
_aES-MaACL _jF-16254 |
|
| 999 |
_c35265 _d35265 |
||